Name the Rockstar - Statistics

General Stats
  • This quiz has been taken 160 times
    136 since last reset
  • The average score is 18 of 35
Answer Stats
Hint Answer % Correct
Lead Singer of Queen Freddie Mercury
97%
Guns n Roses Lead Singer Axl Rose
89%
He was in Nirvana and he is currently in The Foo Fighters Dave Grohl
83%
Nirvana Frontman Kurt Cobain
82%
John Lennon, Paul McCartney Ringo Starr and ________ George Harrison
81%
The 1st lead singer of Black Sabbath Ozzy Osbourne
77%
He played the bass in The Beatles Paul McCartney
76%
U2 frontman Bono
75%
The Lead Guitarist for Van Halen Eddie Van Halen
72%
Aerosmith Front man Steven Tyler
72%
The lead singer for The Doors Jim Morrison
66%
Wrote the song Purple Haze Jimi Hendrix
65%
_______ and the Blackhearts Joan Jett
60%
Lead singer and guitarist of The White Stripes Jack White
56%
The Red Hot Chili Pepper's Bassist Flea
52%
Who is the lead singer of Pearl Jam Eddie Vedder
50%
Led Zeppelin's Drummer John Bonham
50%
1st lead singer for AC/DC Bon Scott
45%
Lead singer for Audioslave and Soundgarden Chris Cornell
44%
Paul Simon and... Art Garfunkel
43%
The front man for Dio, Rainbow and Black Sabbath Ronnie James Dio
39%
Lead Singer of Radiohead Thom Yorke
39%
Lead guitarist for The Who Pete Townshend
38%
Wrote the songs Old Man and Heart of Gold Neil Young
37%
He wrote the hit 90's song Loser Beck
36%
Lead singer of Motorhead Lemmy Kilmister
36%
The singer of The Smashing Pumpkins Billy Corgan
28%
The Drummer for Rush Neil Peart
27%
Who is the lead singer of Weezer Rivers Cuomo
23%
The Drummer for The Police Stewart Copeland
23%
The front man of Nine Inch Nails Trent Reznor
23%
Lead bands Velvet Revolver and Stone Temple Pilots Scott Weiland
22%
The Singer and Guitarist who is often referred to as the Anti-Christ Marilyn Manson
18%
Who is the lead singer of Rage Against the Machine Zack de la Rocha
18%
The one armed drummer of Def Leppard Rick Allen
16%
No matching quizzes found
Score Distribution
Percent of People with Each Score
Percentile by Number Answered
Your Score History
You have not taken this quiz since the last reset